00911nam a2200229 i 450000100060000000300090000600500170001500700030003200800410003502000180007608000260009410000320012024501300015226000830028230000450036560000320041070000280044271000390047085200330050999900170054295201220055988968ES-MaACL20250827222021.0t|050120s2000 sp ||||1| spa d a84-7585-437-0 a7 Ibarrola, Agustín1 aIbarrola, Agustín.96497210aOmako basoa b: = El bosque de Oma / cfotos = Argazkiak: Tere Ormazabal ; [textos = testuak Agustín Ibarrola ... [et al.]. aBilbao : bUniversidad del Pais Vasco = Euskal Herriko Unibertsitatea,c[2000] a110 p. : bprincipalmente il. ; c33 cm.14aIbarrola, Agustín.9649721 aOrmazabal, Tere.9872952 aUniversidad del País Vasco97367 aES-MaACLjL-28578 bR.135071 c88968d88968 00104070aATENEOMbATENEOMcDEPO2d2008-01-17eSCl0oL-28578p1092921r2023-02-23 00:00:00w2023-02-23yMONOGRAFIA